000 00567nam a22001937a 4500
999 _c6378
_d6378
003 AR-CdUCM
008 190315b ||||| |||| 00| 0 spa d
040 _aMUNICIPALIDAD PROVINCIAL DEL CUSCO
_cBIBLIOTECA MUNICIPAL DEL CUSCO
082 _a858.91 /
_bV49
100 _aVerga, Giovanni
_918174
245 _aMaestro - Don Gesualdo /
260 _aBilbao :
_bAlianza editorial,
_c1971.
300 _a365 páginas ;
_c18 cm.
500 _aDonación familia Nieto
650 _aNovelas italianas
_99329
650 _aSiglo XX
_98
942 _2ddc
_cLIBROS
945 _aafb